Kształty państw na literę C - Statystyki

Ogólne statystyki
  • Ten quiz został rozwiązany 63 razy
  • Średni wynik to 7 z 7
Statystyki odpowiedzi
Obrazkowy Odpowiedź % Poprawnych
Chile
98%
Chiny
98%
Cypr
98%
Chorwacja
95%
Czechy
94%
Czad
92%
Czarnogóra
77%
Nie znaleziono quizów pasujących do podanych kryteriów
Rozkład punktacji
Procent ludzi z każdym wynikiem
Percentyl według liczby udzielonych odpowiedzi
Twoja historia wyników
Nie rozwiązałeś tego quizu